000 00292nam a22001337a 4500
008 170714b xxu||||| |||| 00| 0 eng d
020 _a785555029767
041 _aeng
080 _24TH
_a038
100 _a24
101 _aFJA
245 _aPOCKET DICTIONARY
_cGOLDMAN,J.L
942 _2udc
_cBK
999 _c20874
_d20874